Crystal Palace F.C. 25/26 Squad Numbers - Statistics

General Stats
  • This quiz has been taken 9 times
  • The average score is 24 of 27
Answer Stats
Hint Answer % Correct
Dean Henderson 1
100%
Yéremy Pino 10
100%
Brennan johnson 11
100%
Christantus Uche 12
100%
Jean-Phillipe Mateta 14
100%
Daniel Muñoz 2
100%
Adam Wharton 20
100%
Chris Richards 26
100%
Tyrick Mitchell 3
100%
Mazence Lacroix 5
100%
Ismaïla Sarr 7
100%
Jefferson Lerma 8
100%
Eddie Nketiah 9
100%
Nathaniel Clyne 17
89%
Daichi Kamada 18
89%
Will Hughes 19
89%
Jørgen Strand Larsen 22
89%
Jaydee Canvot 23
89%
Borna Sosa 24
89%
Cheick Doucouré 28
89%
Evann Guessand 29
78%
Justin Devenny 55
78%
Remi Matthews 31
67%
Walter Benítez 44
67%
Chadi Riad 34
56%
Caleb Kporha 58
44%
Rio Cardines 59
44%
No matching quizzes found
Score Distribution
Percent of People with Each Score
Percentile by Number Answered
Your Score History
You have not taken this quiz